000 00316nam a2200121Ia 4500
008 190216s9999||||xx |||||||||||||| ||und||
100 _aRaja Raman V
245 0 _aFundamentals Of Computers
260 _bPentice Hall Of India
_c1985
300 _a288p
650 _a"Computer Programming. Programs, Data"
942 _cBK
999 _c8356
_d8356